Guess The Country Flag - Statistics

General Stats
  • This quiz has been taken 23 times
  • The average score is 14 of 16
Answer Stats
Picture Answer % Correct
China
100%
France
95%
Germany
95%
Iran
95%
Turkey
95%
United Kingdom
95%
United States
95%
Australia
90%
Brazil
90%
India
90%
Italy
90%
Japan
90%
Russia
90%
Spain
90%
Nigeria
81%
Democratic Republic of the Congo
57%
No matching quizzes found
Score Distribution
Percent of People with Each Score
Percentile by Number Answered
Your Score History
You have not taken this quiz